Ru jia si xiang yu Zhonghua wen hua yan jiu lun ji /

Saved in:
书目详细资料
企业作者: Zhonghua Minguo Kong Meng xue hui.
其他作者: Gao, Ming, 1909-
格式: 图书
语言:Chinese
出版: Taibei : Li ming wen hua shi ye gong si, Minguo 72 [1983]
丛编:Guo xue yan jiu cong shu.
主题:
标签: 添加标签
没有标签, 成为第一个标记此记录!
LEADER 01363cam a2200361 a 4500
001 007724113-4
005 20050216095017.0
008 840227s1983 ch b 000 0 chi
010 |a 84124872 /ACN/r95 
020 |c NT$240.00 
035 0 |a ocm10996390 
040 |a DLC  |c DLC  |d OCoLC  |d *YNH*  |d CStRLIN 
043 |a a-cc--- 
050 0 0 |a B127.C65  |b J784 1983 
245 0 0 |6 880-01  |a Ru jia si xiang yu Zhonghua wen hua yan jiu lun ji /  |c Gao Ming deng zhu ; Zhonghua Minguo Kong Meng xue hui zhu bian. 
260 |6 880-02  |a Taibei :  |b Li ming wen hua shi ye gong si,  |c Minguo 72 [1983] 
300 |a 2, 2, 479 p. ;  |c 22 cm. 
490 1 |6 880-03  |a Guo xue yan jiu cong shu 
504 |a Includes bibliographical references. 
650 0 |a Confucianism. 
650 0 |a Philosophy, Confucian. 
651 0 |a China  |x Civilization. 
700 1 |6 880-04  |a Gao, Ming,  |d 1909- 
710 2 |6 880-05  |a Zhonghua Minguo Kong Meng xue hui. 
880 0 0 |6 245-01  |a 儒家思想與中華文化硏究論集 /  |c 高明等著; 中華民國孔孟學會主編. 
880 |6 260-02  |a 臺北 :  |b 黎明文化事業公司,  |c 民國72 [1983] 
880 1 |6 490-03  |a 國學硏究叢書 
880 1 |6 700-04  |a 高明,  |d 1909- 
880 2 |6 710-05  |a 中華民國孔孟學會. 
830 0 |6 880-53  |a Guo xue yan jiu cong shu. 
880 0 |6 830-53  |a 國學硏究叢書. 
988 |a 20021127 
906 |0 DLC